[Event "Platja d'Aro op 9th"]
[Site "Platja d'Aro"]
[Date "2022.12.28"]
[Round "5"]
[White "Terron Chueco, David"]
[Black "Borras Carbonell, Adria"]
[Result "1/2-1/2"]
[WhiteElo "1788"]
[BlackElo "1775"]
[PlyCount "44"]
[EventDate "2022.12.26"]
[EventType "swiss"]
[EventRounds "9"]
[EventCountry "ESP"]
[SourceTitle "CBM 211 Extra"]
[Source "ChessBase"]
[SourceDate "2023.01.31"]
[SourceVersion "1"]
[SourceVersionDate "2023.01.31"]
[SourceQuality "1"]

1. d4 Nf6 2. c4 g6 3. Nc3 Bg7 4. e4 d6 5. h3 0-0 6. Nf3 c5 7. d5 e6 8. Be2 exd5 9. exd5 Na6 10. 0-0 Nc7 11. Bf4 Rb8 12. Rc1 Re8 13. Qd2 Bf5 14. Rfe1 Qd7 15. Nh4 Ne4 16. Nxe4 Bxe4 17. f3 Bf6 18. Bg3 Qd8 19. fxe4 Bxh4 20. Bxh4 Qxh4 21. Bf3 Qf6 22. b3 b5 1/2-1/2

[Event "Platja d'Aro op 9th"]
[Site "Platja d'Aro"]
[Date "2022.12.27"]
[Round "3"]
[White "Pares Vives, Natalia"]
[Black "Borras Carbonell, Adria"]
[Result "1-0"]
[WhiteElo "2213"]
[BlackElo "1775"]
[PlyCount "65"]
[EventDate "2022.12.26"]
[EventType "swiss"]
[EventRounds "9"]
[EventCountry "ESP"]
[SourceTitle "CBM 211 Extra"]
[Source "ChessBase"]
[SourceDate "2023.01.31"]
[SourceVersion "1"]
[SourceVersionDate "2023.01.31"]
[SourceQuality "1"]

1. Nf3 Nf6 2. c4 g6 3. Nc3 Bg7 4. e4 d6 5. d4 0-0 6. Be2 c5 7. h3 cxd4 8. Nxd4 Nc6 9. Be3 Bd7 10. 0-0 Nxd4 11. Bxd4 Bc6 12. Qc2 Qa5 13. a3 Rfc8 14. b4 Qg5 15. f4 Qh4 16. b5 Bd7 17. Rf3 a6 18. Bf2 Qh6 19. b6 Be6 20. c5 dxc5 21. Rd1 Bg4 22. hxg4 Nxg4 23. Rh3 Qxf4 24. Bxg4 Qxg4 25. Nd5 Kf8 26. Nc7 Rd8 27. Rhd3 Rxd3 28. Qxd3 Be5 29. Nxa8 h5 30. Qf3 Qe6 31. Bxc5 Qc4 32. Bf2 Qc8 33. Nc7 1-0

[Event "Platja d'Aro op 9th"]
[Site "Platja d'Aro"]
[Date "2022.12.26"]
[Round "1"]
[White "Shmaenok, Maria"]
[Black "Borras Carbonell, Adria"]
[Result "0-1"]
[WhiteElo "1551"]
[BlackElo "1775"]
[PlyCount "34"]
[EventDate "2022.12.26"]
[EventType "swiss"]
[EventRounds "9"]
[EventCountry "ESP"]
[SourceTitle "CBM 211 Extra"]
[Source "ChessBase"]
[SourceDate "2023.01.31"]
[SourceVersion "1"]
[SourceVersionDate "2023.01.31"]
[SourceQuality "1"]

1. d4 Nf6 2. Nf3 g6 3. Bf4 Bg7 4. e3 0-0 5. Bd3 d6 6. 0-0 c5 7. c3 cxd4 8. exd4 Nc6 9. Nbd2 e5 10. dxe5 dxe5 11. Nxe5 Nxe5 12. Bxe5 Qxd3 13. Re1 Bg4 14. f3 Bf5 15. Bg3 Rad8 16. Re2 Nh5 17. Bf2 Nf4 0-1

[Event "Palafrugell Gelpi Memorial 27th"]
[Site "Palafrugell"]
[Date "2012.10.06"]
[Round "3"]
[White "Borras Carbonell, Adria"]
[Black "Fernandez Garcia, Francesc"]
[Result "1/2-1/2"]
[WhiteElo "1851"]
[BlackElo "2073"]
[PlyCount "103"]
[EventDate "2012.09.22"]
[EventType "swiss"]
[EventRounds "9"]
[EventCountry "ESP"]
[SourceTitle "EXT 2014"]
[Source "ChessBase"]
[SourceDate "2013.11.20"]
[SourceVersion "1"]
[SourceVersionDate "2013.11.20"]
[SourceQuality "1"]

1. e4 c5 2. Nf3 g6 3. d4 cxd4 4. Nxd4 Nc6 5. Nxc6 bxc6 6. Qd4 Nf6 7. e5 Ng8 8. e6 Nf6 9. exf7+ Kxf7 10. Nc3 Bg7 11. Qc4+ Kf8 12. Be2 a5 13. Bg5 Ba6 14. Qc5 Bxe2 15. Kxe2 Rb8 16. Rab1 Qb6 17. Qxb6 Rxb6 18. Rhd1 d6 19. Rd3 h6 20. Be3 Rb7 21. b3 Kf7 22. f3 Nd7 23. Ne4 d5 24. Nc5 Nxc5 25. Bxc5 Re8 26. Re1 Rb5 27. Ba3 Rb7 28. Kd2 h5 29. g3 e6 30. f4 a4 31. Bd6 axb3 32. axb3 Ra7 33. Be5 Bf8 34. Ke2 Ra2 35. Kd2 Bb4+ 36. Bc3 Bc5 37. Bd4 Bd6 38. Ra1 Rea8 39. Rxa2 Rxa2 40. Rc3 Ra6 41. Bc5 Bc7 42. b4 Ra1 43. Re3 Rh1 44. Re2 Rf1 45. Rf2 Rb1 46. Kd3 Bd8 47. c3 Ra1 48. Rb2 Rd1+ 49. Ke2 Rh1 50. Ke3 Re1+ 51. Re2 Rh1 52. Kd3 1/2-1/2

[Event "Vilanova op 37th"]
[Site "Salt"]
[Date "2011.05.20"]
[Round "4.7"]
[White "Parals Marce, Luis"]
[Black "Borras Carbonell, Adria"]
[Result "1-0"]
[WhiteElo "2070"]
[BlackElo "1848"]
[PlyCount "85"]
[EventDate "2011.04.29"]
[EventType "swiss"]
[EventRounds "9"]
[EventCountry "ESP"]
[SourceTitle "EXT 2024"]
[Source "ChessBase"]
[SourceDate "2023.10.10"]
[SourceVersion "1"]
[SourceVersionDate "2023.10.10"]
[SourceQuality "1"]

1. Nf3 g6 2. d4 Nf6 3. c4 Bg7 4. Nc3 0-0 5. e4 c5 6. Be2 d6 7. d5 Qb6 8. h3 Nfd7 9. 0-0 Ne5 10. Nxe5 Bxe5 11. Bh6 Qxb2 12. Bxf8 Kxf8 13. Nb5 Qxa1 14. Qxa1 Bxa1 15. Rxa1 a6 16. Nc3 Nd7 17. Rb1 Rb8 18. Bg4 h5 19. Bxd7 Bxd7 20. a4 e6 21. Rb6 Ke7 22. f4 f6 23. Kf2 e5 24. Ke3 Bc8 25. a5 Kd7 26. Rb1 Kc7 27. fxe5 fxe5 28. Na4 Bd7 29. Nb6 Rd8 30. Rf1 Be8 31. Rf8 Rb8 32. Kf3 Kd8 33. Rf6 Kc7 34. g4 Rd8 35. gxh5 gxh5 36. Kg3 Rb8 37. Kh4 Rd8 38. Kg5 Kb8 39. Rf8 Kc7 40. Rh8 Kb8 41. Kf6 Kc7 42. Ke7 Bd7 43. Rxd8 1-0